[Event "San Fermin Masters Final"]
[Site "chess24.com INT"]
[Date "2021.07.11"]
[Round "3.1"]
[White "Carlsen, Magnus"]
[Black "Aronian, Levon"]
[Result "1/2-1/2"]
[WhiteElo "2847"]
[BlackElo "2782"]
[PlyCount "115"]
[EventDate "2021.07.10"]
[EventType "k.o."]
[EventRounds "3"]
[EventCountry "ESP"]
[SourceTitle "CBM 203 Extra"]
[Source "ChessBase"]
[SourceDate "2021.09.30"]
[SourceVersion "1"]
[SourceVersionDate "2021.09.30"]
[SourceQuality "1"]

1. e4 {Sagar,Shah} e5 2. Nf3 Nc6 3. Bc4 Bc5 4. c3 Nf6 5. d3 d6 6. O-O O-O 7. Re1 a5 8. Nbd2 Ng4 ({RR} 8... Be6 9. Bb5 Qb8 10. Nf1 Qa7 11. Be3 Bxe3 12. Nxe3 Ne7 13. a4 Ng6 ({RR} 13... c6 14. Bc4 d5 15. exd5 cxd5 16. Bb5) 14. Bc4 Bxc4 15. Nxc4 Qa6 16. g3 Rfe8 17. Qb3 Nf8 18. Qb5 Qxb5 19. axb5 b6 20. Ra3 Ne6 21. Ne3 Nc5 22. c4 a4 ({RR} 22... Z0 23. Rea1 Rac8 24. Ne1) 23. Rea1 {So,W (2810)-Ding,L (2777) Tbilisi 2017 CBM 181 [Sagar,Shah] ½-½ (47)}) ({RR} 8... Be6 9. Bb5 Qb8 10. Nf1 Qa7 11. d4 exd4 12. Bxc6 dxc3 13. Ba4 Bxf2+ 14. Kh1 Bxe1 15. Qxe1 Ng4 16. h3 Nf2+ 17. Kh2 cxb2 18. Bxb2 Nd3 19. Qc3 Nxb2 20. Qxb2 Qc5 21. a3 d5 22. Rc1 Qe7 23. e5 {Svidler,P (2714)-Aronian,L (2781) chess24.com INT 2021 1-0 (52)}) 9. Re2 Kh8 10. h3 f5 ({RR} 10... Nh6 11. Nf1 f5 12. Bg5 Qd7 13. d4 exd4 14. Bxh6 gxh6 15. cxd4 fxe4 16. Rxe4 d5 17. Re3 Bb6 18. Bb5 Qg7 19. Bxc6 bxc6 20. Ne5 c5 21. Rg3 Qe7 22. Qh5 cxd4 23. Qxh6 Bf5 24. Re1 Qf6 25. Qh5 {Drygalov,A (2431)-Zverev,L (2453) Sochi RUS 2025 1-0 (78)}) 11. d4 $146 ({RR} 11. Bb5 Nf6 12. Bxc6 bxc6 13. d4 exd4 14. Nxd4 Bxd4 15. cxd4 a4 16. e5 Nd5 17. Nf3 f4 18. Qc2 Ba6 19. Re1 Bb5 20. Bd2 g6 21. exd6 cxd6 22. Re6 Qd7 23. Rae1 Rae8 24. Ng5 Rxe6 25. Rxe6 Nc7 {Vignesh,N (2436)-Lobanov,S (2507) Moscow 2020 1-0 (56)}) 11... exd4 12. cxd4 Nxd4 13. Nxd4 Nxf2 14. Rxf2 Bxd4 15. e5 dxe5 16. Qe2 e4 17. Nf1 f4 18. Qxe4 Bxf2+ 19. Kxf2 Bf5 20. Qe5 Qh4+ 21. Kg1 Rae8 22. Qc3 f3 23. Be3 fxg2 24. Nh2 Re4 25. Bd5 Bxh3 26. Bxe4 Qxe4 27. Bf2 Qe2 28. Qc5 Rf7 29. Qe3 Qxe3 30. Bxe3 h6 31. Re1 Kh7 32. Bf2 g5 33. Re4 h5 34. Re5 Kg6 35. Rxa5 g4 36. Re5 h4 37. Nxg4 Bxg4 38. Bxh4 Bf3 39. Re6+ Kh5 40. Rf6 Rxf6 41. Bxf6 Kg4 42. Be5 c6 43. a3 Kf5 44. Bc3 Ke4 45. Bd2 Kd3 46. Bc3 Bd5 47. Be5 Kc2 48. Bc3 Kb3 49. Be5 c5 50. Bc3 b5 51. Be5 Kc2 52. Bd6 Kxb2 53. Bxc5 Kb3 54. Bb4 Ka4 55. Kf2 Kb3 56. Kg1 Ka4 57. Kf2 Kb3 58. Kg1 1/2-1/2

[Event "San Fermin Masters Final"]
[Site "chess24.com INT"]
[Date "2021.07.11"]
[Round "3.2"]
[White "Aronian, Levon"]
[Black "Carlsen, Magnus"]
[Result "0-1"]
[WhiteElo "2782"]
[BlackElo "2847"]
[PlyCount "100"]
[EventDate "2021.07.10"]
[EventType "k.o."]
[EventRounds "3"]
[EventCountry "ESP"]
[SourceTitle "CBM 203 Extra"]
[Source "ChessBase"]
[SourceDate "2021.09.30"]
[SourceVersion "1"]
[SourceVersionDate "2021.09.30"]
[SourceQuality "1"]

1. e4 c5 2. Nf3 d6 3. c3 Nf6 4. Be2 g6 5. O-O Bg7 6. d3 O-O 7. Be3 Nc6 8. Nbd2 e5 ({RR} 8... Bg4 9. h3 Bxf3 10. Bxf3 Nd7 11. g3 b5 12. Bg2 Qc7 13. f4 a5 14. Nf3 b4 15. Rc1 bxc3 16. bxc3 Rab8 17. g4 Rb2 18. Rf2 Rfb8 19. d4 Rxf2 20. Bxf2 Rb2 21. d5 Na7 22. Qa4 Qb7 23. Qxa5 {Garcia Garcia,A (2140)-Gunnarsson,J (2444) chess.com INT 2025 0-1 (47)}) 9. a3 a5 ({RR} 9... h6 10. h3 Be6 11. b4 b6 12. b5 Na5 13. c4 Nh7 14. g4 f5 15. gxf5 gxf5 16. exf5 Bxf5 17. Kh2 d5 18. Rg1 e4 19. dxe4 dxe4 20. Ne5 Ng5 21. Ng4 Kh7 22. Rb1 Qd6+ 23. Kg2 Rad8 24. Qf1 {Aronian,L (2785)-Matlakov,M (2674) Chess.com INT 2022 0-1 (63)}) 10. d4 exd4 $146 ({RR} 10... cxd4 11. cxd4 d5 12. Nxe5 Nxe4 13. Nxc6 bxc6 14. Rc1 Rb8 15. Nxe4 dxe4 16. Rxc6 Rxb2 17. Bc4 Bd7 18. Rc5 Qb6 19. Bd5 Bf5 20. Qa4 Rb1 21. Qxa5 Rxf1+ 22. Kxf1 Qb1+ 23. Qe1 Qd3+ 24. Qe2 Qxa3 25. g4 {Aronian,L (2781)-Nepomniachtchi,I (2784) Chess.com INT 2020 1-0 (40)}) 11. cxd4 cxd4 12. Nxd4 Re8 13. Rc1 Nxd4 14. Bxd4 Nxe4 15. Nc4 Be6 16. Nb6 Bxd4 17. Qxd4 Nc5 18. Nxa8 Nb3 19. Qb6 Nxc1 20. Rxc1 Qxa8 21. Qxd6 Qd8 22. Qf4 Bb3 23. Bf3 b6 24. h4 h5 25. g3 Qe7 26. Kg2 Qe5 27. Qd2 Kg7 28. Rc6 Re6 29. Qc3 Qxc3 30. Rxc3 a4 31. Kf1 b5 32. Be2 Re5 33. f4 Rd5 34. Ke1 Kf6 35. Rc7 Ke6 36. Rc6+ Kf5 37. Rc3 Rd4 38. Bxb5 Rd1+ 39. Ke2 Rh1 40. Kf3 Rh2 41. Rc5+ Kf6 42. Rc7 Rxb2 43. Ke3 Ra2 44. Rc3 Ra1 45. Kf2 Rxa3 46. Ke3 Ra1 47. Bc4 Bxc4 48. Rxc4 a3 49. Ra4 a2 50. Kf2 Rh1 0-1

[Event "San Fermin Masters Final"]
[Site "chess24.com INT"]
[Date "2021.07.11"]
[Round "3.4"]
[White "Aronian, Levon"]
[Black "Carlsen, Magnus"]
[Result "0-1"]
[WhiteElo "2782"]
[BlackElo "2847"]
[PlyCount "128"]
[EventDate "2021.07.10"]
[EventType "k.o."]
[EventRounds "3"]
[EventCountry "ESP"]
[SourceTitle "CBM 203 Extra"]
[Source "ChessBase"]
[SourceDate "2021.09.30"]
[SourceVersion "1"]
[SourceVersionDate "2021.09.30"]
[SourceQuality "1"]

1. e4 c6 2. d4 d5 3. e5 Bf5 4. h4 Qc8 5. h5 h6 6. Bd3 ({RR} 6. Nc3 e6 7. g4 Bh7 8. Bd3 Bxd3 9. Qxd3 c5 10. Nce2 Nc6 11. Nf3 cxd4 12. Nexd4 Bc5 13. Be3 Bxd4 14. Bxd4 Nge7 15. c3 b6 16. O-O g6 17. hxg6 Nxg6 18. Qe3 h5 19. gxh5 Rxh5 20. Kg2 Kd7 {Zhauynbay Aldiyar (2109)-Rasulov,V (2505) chess.com INT 2025 0-1 (38)}) 6... Bxd3 7. Qxd3 e6 8. Nd2 $146 ({RR} 8. f4 c5 9. c3 cxd4 10. cxd4 Qxc1+ 11. Kf2 Qxb2+ 12. Nd2 {0-1 (12) Tsotsonava,E (1887)-Ozen,B (2369) Chess.com INT 2021}) 8... c5 9. c3 Ne7 10. Ne2 b6 11. Nf3 Qa6 12. Qd1 Nbc6 13. O-O Nf5 14. g4 Nfe7 15. Nf4 O-O-O 16. Be3 g5 17. hxg6 Nxg6 18. Nh5 Be7 19. a3 c4 20. Kh1 Kb8 21. Qc2 Qc8 22. Rg1 Rdf8 23. Raf1 Kb7 24. Nh2 Nh4 25. f4 f5 26. Bf2 Rhg8 27. Bxh4 Bxh4 28. gxf5 Rxf5 29. Rg7+ Ka6 30. Qa4+ Na5 31. Qd1 Rgf8 32. Qg4 Qe8 33. Rg6 Bg5 34. Rg7 Qb5 35. Qe2 Bxf4 36. Nf6 Bg5 37. Rxf5 exf5 38. Nd7 Re8 39. e6 Qc6 40. Nf3 Qxe6 41. Nfe5 Bf4 42. Qh5 Bxe5 43. Nxe5 f4 44. Rg6 Qe7 45. Rxh6 Rg8 46. Rh7 Qe6 47. Qf7 Qxf7 48. Rxf7 Kb5 49. Rxf4 Ka4 50. Rf2 Kb3 51. Nd7 Nb7 52. Nf6 Rg5 53. Kh2 Nd6 54. Kh3 Rf5 55. Rxf5 Nxf5 56. Nxd5 Kxb2 57. Kg4 Nd6 58. a4 a5 59. Kf4 b5 60. axb5 Nxb5 61. Ke5 a4 62. Nb6 Kb3 63. Nxa4 Kxa4 64. d5 Kb3 0-1

[Event "San Fermin Masters Final"]
[Site "chess24.com INT"]
[Date "2021.07.11"]
[Round "3.5"]
[White "Carlsen, Magnus"]
[Black "Aronian, Levon"]
[Result "0-1"]
[WhiteElo "2847"]
[BlackElo "2782"]
[PlyCount "59"]
[EventDate "2021.07.10"]
[EventType "k.o."]
[EventRounds "3"]
[EventCountry "ESP"]
[SourceTitle "CBM 203 Extra"]
[Source "ChessBase"]
[SourceDate "2021.09.30"]
[SourceVersion "1"]
[SourceVersionDate "2021.09.30"]
[SourceQuality "1"]

1. e4 e5 2. Nf3 Nc6 3. Nc3 Nf6 4. d4 exd4 5. Nxd4 Bc5 6. Be3 Bb6 7. Nf5 O-O 8. Bxb6 axb6 9. Ne3 Re8 10. Bd3 d6 11. O-O Nd7 $146 ({RR} 11... Ne5 12. Re1 Nfg4 13. Nxg4 Nxg4 14. f3 Ne5 15. Bf1 Ng6 16. Qd2 Ra5 17. f4 Rh5 18. g3 Bd7 19. Be2 Rh6 20. Rad1 Bc6 21. Bf3 Qc8 22. Bg2 Nf8 23. b4 b5 24. Qf2 Qa8 25. Rb1 Nd7 26. a4 {Rosandic,D (2222)-Smetisko,M (1802) Zagreb 2016 1-0 (41)}) 12. f4 Nc5 13. Qh5 Ra5 14. f5 Ne5 15. b4 Ra3 16. Nb5 Ncxd3 17. Nxa3 Nxb4 18. f6 Re6 19. c3 Nbd3 20. Nd5 c6 21. Ne7+ Rxe7 22. fxe7 Qxe7 23. Qe2 Qg5 24. Nc4 Nf4 25. Rxf4 Qxf4 26. Nxd6 Ng4 27. g3 Qxd6 28. Rd1 Qc5+ 29. Kg2 Qf8 30. Qd2 0-1

[Event "San Fermin Masters Final"]
[Site "chess24.com INT"]
[Date "2021.07.11"]
[Round "3.6"]
[White "Aronian, Levon"]
[Black "Carlsen, Magnus"]
[Result "1-0"]
[WhiteElo "2782"]
[BlackElo "2847"]
[PlyCount "103"]
[EventDate "2021.07.10"]
[EventType "k.o."]
[EventRounds "3"]
[EventCountry "ESP"]
[SourceTitle "CBM 203 Extra"]
[Source "ChessBase"]
[SourceDate "2021.09.30"]
[SourceVersion "1"]
[SourceVersionDate "2021.09.30"]
[SourceQuality "1"]

1. e4 e5 2. Nf3 Nc6 3. Bb5 Nf6 4. O-O Nxe4 5. d4 Nd6 6. Bxc6 dxc6 7. dxe5 Nf5 8. Qxd8+ Kxd8 9. Rd1+ Ke8 10. Nc3 h5 11. Bg5 ({RR} 11. Bf4 Be6 12. Ng5 Rh6 13. b3 Be7 14. Nxe6 Rxe6 15. h3 Rd8 16. Rxd8+ Kxd8 17. Rd1+ Kc8 18. Kf1 b6 19. Ne2 Bc5 20. Rd3 g6 21. g4 hxg4 22. hxg4 Ne7 23. c4 f6 24. exf6 Rxf6 25. Bg3 Bd6 {Kamsky,G (2610)-Bravo De La Vega,A (2128) chess.com INT 2024 1-0 (44)}) 11... Be6 ({RR} 11... Be7 12. Ne2 Bd7 13. Nf4 Rd8 14. Bxe7 Kxe7 15. Ng5 Rh6 16. g3 Rf8 17. Rd3 Bc8 18. Re1 Re8 19. f3 Kf8 20. Kf2 a6 21. h3 Ne7 22. g4 hxg4 23. hxg4 Ng6 24. Nxg6+ Rxg6 25. Nh3 Rh6 26. Nf4 {Karjakin,S (2762)-Radjabov,T (2738) Berlin 2015 0-1 (68)}) 12. Ne2 $146 ({RR} 12. Rd2 Be7 13. Re1 Rd8 14. Rxd8+ Kxd8 15. Rd1+ Kc8 16. Bxe7 Nxe7 17. Ng5 Nd5 18. Nxe6 Nxc3 19. bxc3 fxe6 20. f4 Rg8 21. h4 Rd8 22. Rxd8+ Kxd8 23. Kf2 Ke7 24. g4 g6 25. Kf3 b5 26. gxh5 gxh5 {Kobalia,M (2594)-Visakh,N (2516) Chess.com INT 2021 1-0 (68)}) 12... Bd5 13. Nfd4 Nxd4 14. Rxd4 Bc5 15. Rd2 Be7 16. Bxe7 Kxe7 17. Nf4 Rad8 18. h4 Be4 19. Rad1 Rxd2 20. Rxd2 g6 21. f3 Bf5 22. Kf2 a5 23. Ke3 f6 24. exf6+ Kxf6 25. Ne2 g5 26. hxg5+ Kxg5 27. Ng3 Re8+ 28. Kf2 Bg6 29. c3 h4 30. Nf1 Bf5 31. a3 a4 32. Ne3 Be6 33. Rd4 b5 34. Re4 Bf7 35. f4+ Kf6 36. Rxe8 Bxe8 37. Kf3 Bh5+ 38. Ke4 Bf7 39. f5 Kg5 40. Ke5 c5 41. f6 c6 42. Nf5 Bd5 43. Ne7 Bc4 44. Nxc6 Kg4 45. Kd6 Kg3 46. Ne5 Bg8 47. Ng6 Bf7 48. Ne5 Bg8 49. Ng6 Bf7 50. Nxh4 Kxh4 51. Ke7 Bc4 52. f7 1-0

[Event "San Fermin Masters Final"]
[Site "chess24.com INT"]
[Date "2021.07.11"]
[Round "3.8"]
[White "Aronian, Levon"]
[Black "Carlsen, Magnus"]
[Result "0-1"]
[WhiteElo "2782"]
[BlackElo "2847"]
[PlyCount "68"]
[EventDate "2021.07.10"]
[EventType "k.o."]
[EventRounds "3"]
[EventCountry "ESP"]
[SourceTitle "CBM 203 Extra"]
[Source "ChessBase"]
[SourceDate "2021.09.30"]
[SourceVersion "1"]
[SourceVersionDate "2021.09.30"]
[SourceQuality "1"]

1. e4 c5 2. Nf3 d6 3. d4 cxd4 4. Nxd4 Nf6 5. Nc3 a6 6. Bc4 b5 7. Bd5 Ra7 ({RR} 7... Nxd5 8. exd5 Bb7 9. a3 g6 10. Be3 Bg7 11. Qd2 Nd7 12. Bh6 Bxh6 13. Qxh6 Nf6 14. O-O-O Rc8 15. Rd3 Qc7 16. Re1 Nxd5 17. Qg7 Rf8 18. Ne4 Kd7 19. Ng5 Qc4 20. Nxh7 Rfe8 21. Kd2 Kc7 22. Ng5 {Bauer,C (2562)-Kempinski,R (2498) Germany 2000 0-1 (32)}) ({RR} 7... Nxd5 8. exd5 Bb7 9. O-O b4 10. Ne4 Bxd5 11. Re1 e6 12. Ng5 Nd7 13. Ndxe6 Bxe6 14. Nxe6 fxe6 15. Rxe6+ Be7 16. Bg5 Nf6 17. Qd4 O-O 18. Rae1 Qa5 19. Bh4 Bd8 20. Qxd6 Bc7 21. Qd4 Qh5 22. h3 {Lares Jordan,M (1617)-Lopez,R (1837) Medellin COL 2024 1-0 (32)}) 8. a4 $146 ({RR} 8. Be3 Rc7 9. a4 e6 10. Bb3 b4 11. Na2 Nxe4 12. Nxb4 d5 13. Nd3 Bd6 14. Qe2 O-O 15. O-O Nd7 16. c3 Rb7 17. Bc2 Nb6 18. Nb4 f5 19. a5 Nc4 20. Bxe4 fxe4 21. Ndc6 Qh4 22. g3 Qh3 {Eberth,Z (2175)-Deak,S (2311) Hungary 2008 0-1 (39)}) 8... b4 9. Na2 e6 10. Bc6+ Bd7 11. Nxb4 d5 12. c3 Bxb4 13. Bxd7+ Rxd7 14. e5 Bc5 15. exf6 Qxf6 16. Be3 e5 17. Nf3 Bxe3 18. fxe3 e4 19. Nd4 Rb7 20. Qe2 Nd7 21. Rf1 Qh4+ 22. g3 Qd8 23. Nf5 O-O 24. O-O-O Ne5 25. Qxa6 Qb8 26. Rf2 Ra7 27. Qb5 Nd3+ 28. Rxd3 exd3 29. Rf4 g6 30. Nh6+ Kg7 31. Ng4 f5 32. Qc5 fxg4 33. Rxf8 Qxf8 34. Qxa7+ Kh6 0-1

[Event "FIDE World Cup"]
[Site "Krasnaya Polyana"]
[Date "2021.07.16"]
[Round "2.2"]
[White "Carlsen, Magnus"]
[Black "Martinovic, Sasa"]
[Result "1-0"]
[WhiteElo "2847"]
[BlackElo "2548"]
[PlyCount "153"]
[EventDate "2021.07.12"]
[EventType "k.o."]
[EventRounds "8"]
[EventCountry "RUS"]
[SourceTitle "CBM 203"]
[Source "ChessBase"]
[SourceDate "2021.08.31"]
[SourceVersion "1"]
[SourceVersionDate "2021.08.31"]
[SourceQuality "1"]

1. e4 c5 2. Nf3 d6 3. d4 cxd4 4. Nxd4 Nf6 5. Nc3 Nc6 6. Nb3 g6 7. Be3 Bg7 8. Qd2 O-O 9. f3 Be6 10. O-O-O Rc8 11. Kb1 Ne5 12. Be2 ({RR} 12. h4 h5 13. Be2 a6 14. Bd4 Qc7 15. g4 hxg4 16. f4 Nc6 17. Bxf6 Bxf6 18. Nd5 Bxd5 19. exd5 Nd4 20. Bxg4 Nxb3 21. axb3 a5 22. h5 a4 23. hxg6 axb3 24. cxb3 Ra8 25. Qh2 {1-0 (25) Carlsen,M (2853)-Shevchenko,K (2684) Warsaw POL 2023}) 12... Bc4 13. Bd4 $146 ({RR} 13. g4 Bxe2 14. Qxe2 Nc4 15. Bc1 Qb6 16. h4 h6 17. g5 Nh5 18. Nd5 Qd8 19. gxh6 Bf6 20. Nxf6+ exf6 21. Rhg1 Qe7 22. Rd5 Kh7 23. f4 f5 24. Rd4 b5 25. Qd3 fxe4 26. Rxe4 Qf6 27. f5 Ne5 {Radeva,V (2297)-Dicen,E (2129) Rhodes GRE 2025 1-0 (63)}) 13... Bxe2 14. Qxe2 Nc6 15. Bxf6 Bxf6 16. Nd5 Bg7 17. h4 e6 18. Ne3 Qe7 19. h5 d5 20. exd5 exd5 21. Qd2 d4 22. Ng4 Rfd8 23. hxg6 hxg6 24. f4 Nb4 25. Rde1 Qd6 26. Rc1 Nd5 27. f5 Ne3 28. Nxe3 dxe3 29. Qxd6 Rxd6 30. Rce1 Re8 31. fxg6 Rxg6 32. Re2 Rg3 33. c3 Re4 34. Nd2 Reg4 35. Nf1 Rxg2 36. Rxg2 Rxg2 37. Nxe3 Re2 38. Nf5 Rf2 39. Rh5 Bf8 40. a4 f6 41. a5 Re2 42. Nd4 Re5 43. Rxe5 fxe5 44. Nf3 Bd6 45. Kc2 Kf7 46. Kd3 Ke6 47. Ke4 a6 48. Ne1 Bc7 49. Nd3 Bd6 50. b3 Be7 51. b4 Bd6 52. c4 Bf8 53. c5 Bh6 54. b5 axb5 55. c6 Kd6 56. cxb7 Kc7 57. a6 Bf8 58. Nxe5 Bd6 59. Nd7 Kc6 60. Kd4 Bc7 61. Kd3 Bd6 62. Ke4 Bc7 63. Kf5 Bg3 64. Ne5+ Kc7 65. Ke4 b4 66. Nd7 Kc6 67. Kd3 Bc7 68. Kc4 Bd6 69. Kb3 Bc7 70. Kxb4 Bd6+ 71. Kc4 Bc7 72. Kd3 Bd6 73. Ke4 Bc7 74. Kf5 Bd6 75. Ne5+ Kc7 76. Ke6 Bc5 77. Nc6 1-0

[Event "FIDE World Cup"]
[Site "Krasnaya Polyana"]
[Date "2021.07.19"]
[Round "3.2"]
[White "Tari, Aryan"]
[Black "Carlsen, Magnus"]
[Result "0-1"]
[WhiteElo "2639"]
[BlackElo "2847"]
[PlyCount "149"]
[EventDate "2021.07.12"]
[EventType "k.o."]
[EventRounds "8"]
[EventCountry "RUS"]
[SourceTitle "CBM 203"]
[Source "ChessBase"]
[SourceDate "2021.08.31"]
[SourceVersion "1"]
[SourceVersionDate "2021.08.31"]
[SourceQuality "1"]

1. e4 c5 2. Nf3 e6 3. d4 cxd4 4. Nxd4 Nc6 5. Nc3 a6 6. Bf4 d6 7. Nxc6 bxc6 8. Qd2 e5 9. Bg5 Nf6 10. O-O-O h6 11. Bh4 Be6 12. Be2 a5 $146 ({RR} 12... Qa5 13. Bxf6 gxf6 14. b3 Rd8 15. Na4 Qxd2+ 16. Rxd2 a5 17. Bf3 d5 18. Rhd1 Ba3+ 19. Kb1 d4 20. c3 c5 21. Be2 O-O 22. Nb6 Rb8 23. Nc4 dxc3 24. Rc2 Bb4 25. a3 Bxa3 26. Nxa3 Bxb3 27. Re1 {Ganguly,S (2652)-Rublevsky,S (2702) Berlin 2015 0-1 (55)}) 13. Kb1 Rb8 14. Ka1 Qb6 15. b3 Qb4 16. f3 Be7 17. Na4 O-O 18. Bxf6 Qxd2 19. Rxd2 gxf6 20. g4 d5 21. Rhd1 h5 22. h3 hxg4 23. hxg4 Kg7 24. Kb2 dxe4 25. fxe4 Rh8 26. Rd3 Rh2 27. Bf3 Rf2 28. R1d2 Rxd2 29. Rxd2 Kg6 30. Rh2 Kg5 31. Nc3 Rd8 32. Ne2 a4 33. Kc3 Rb8 34. Kb2 a3+ 35. Kc1 Rd8 36. Rh5+ Kg6 37. Ng3 Bb4 38. Nf5 Bd2+ 39. Kb1 Bc3 40. Ne7+ Kg7 41. Rh2 Rd7 42. Nf5+ Bxf5 43. gxf5 Rd4 44. Kc1 Kf8 45. Kb1 Ke7 46. Rg2 Rd8 47. Kc1 c5 48. Be2 Bb2+ 49. Kb1 Rh8 50. Rg1 Rh4 51. Bd3 Kd6 52. Rd1 Kc7 53. Re1 Kb6 54. Rd1 Rg4 55. Re1 Ka5 56. Rd1 Kb4 57. Re1 Rf4 58. Rh1 Rg4 59. Re1 Rh4 60. Rg1 Bd4 61. Rf1 Be3 62. Rd1 Bd2 63. Rf1 Kc3 64. Rf3 Kd4 65. Rf1 c4 66. Bxc4 Kxe4 67. Bxf7 Kd4 68. c3+ Kxc3 69. Rf3+ Kd4 70. Kc2 e4 71. Rf2 Bb4 72. Bc4 Rh1 73. Bf1 Rg1 74. Re2 Rxf1 75. Rxe4+ 0-1

[Event "FIDE World Cup"]
[Site "Krasnaya Polyana"]
[Date "2021.07.23"]
[Round "4.2"]
[White "Carlsen, Magnus"]
[Black "Wojtaszek, Radoslaw"]
[Result "1/2-1/2"]
[WhiteElo "2847"]
[BlackElo "2691"]
[PlyCount "68"]
[EventDate "2021.07.12"]
[EventType "k.o."]
[EventRounds "8"]
[EventCountry "RUS"]
[SourceTitle "CBM 203"]
[Source "ChessBase"]
[SourceDate "2021.08.31"]
[SourceVersion "1"]
[SourceVersionDate "2021.08.31"]
[SourceQuality "1"]

1. e4 {Vitiugov,Nikita} c5 2. Nf3 d6 3. Bb5+ ({RR} 3. d4 cxd4 4. Qxd4 Nf6 5. Be2 Nc6 6. Qe3 g6 7. O-O Bg7 8. h3 O-O 9. Rd1 Be6 10. Nc3 Rc8 11. a3 Qa5 12. Bd2 h6 13. Nb5 Qb6 14. Qxb6 axb6 15. Bd3 Nd7) 3... Nd7 4. d4 cxd4 5. Nxd4 Ngf6 6. O-O a6 7. Ba4 e6 8. c4 Be7 9. Nc3 ({RR} 9. Bc2 O-O 10. Re1 Qc7 11. b3 b6 12. Bb2 Bb7 13. Nc3 Rfe8 14. Re3 Bf8 15. Qf1 g6 16. Rd1 Rad8) 9... O-O 10. Qe2 Qc7 11. f4 ({RR} 11. Bb3 b6 12. Be3 Bb7 13. f3 Rac8 14. Rac1 Rfe8 15. Rfd1 Qb8 16. Ba4 Rc7 17. b4 Rec8 18. Bb3 b5) 11... Nb6 12. Bb3 e5 ({RR} 12... Bd7) 13. Nf5 Bxf5 14. exf5 Rfe8 15. g4 exf4 $146 ({RR} 15... d5 16. cxd5 Nfxd5 ({RR} 16... Bb4 17. g5 Bxc3 18. bxc3 Nfxd5 19. g6) 17. Bxd5 Nxd5 18. Nxd5 Qc5+ 19. Ne3 exf4 20. Rxf4 Bg5 21. Rf3 Rad8 22. Kf1 ({RR} 22. f6 g6 23. h4 Bxh4 24. Bd2) 22... Qd4 ({RR} 22... Qc6 23. h4 ({RR} 23. Bd2 Rxd2) 23... Bxh4 24. Rh3 Bg5 25. Bd2 Rxd2 26. Qxd2 Bxe3 27. Rxe3 Qh1+ 28. Kf2 Qh2+ 29. Kf3 Qh3+ 30. Kf4 Qh6+) 23. a4 Qe4 24. Ra3 Rc8 ({RR} 24... b5) 25. Rc3 Rxc3 26. bxc3 Qxa4 27. Kg2 Qe4 28. Qf2 a5 29. h4 Bf6 30. Qc2 {Svidler,P (2714)-Vitiugov,N (2724) Krasnaya Polyana 2021 CBM 203 [Vitiugov,Nikita] 1-0 (45)}) 16. Bxf4 Bf8 17. Qg2 Nxc4 18. g5 Nh5 19. Nd5 Qc5+ 20. Kh1 b5 21. g6 Rab8 22. Rad1 Nxf4 23. Rxf4 Re5 24. Rh4 Rxf5 25. Bc2 Qf2 26. gxf7+ Kxf7 27. Bxf5 Qxh4 28. Rf1 Kg8 29. Rf4 Qe1+ 30. Rf1 Qe5 31. Qh3 Qxd5+ 32. Rf3 Qd1+ 33. Rf1 Qd5+ 34. Rf3 Qd1+ 1/2-1/2

[Event "FIDE World Cup"]
[Site "Krasnaya Polyana"]
[Date "2021.07.26"]
[Round "5.2"]
[White "Esipenko, Andrey"]
[Black "Carlsen, Magnus"]
[Result "1/2-1/2"]
[WhiteElo "2716"]
[BlackElo "2847"]
[PlyCount "71"]
[EventDate "2021.07.12"]
[EventType "k.o."]
[EventRounds "8"]
[EventCountry "RUS"]
[SourceTitle "CBM 203"]
[Source "ChessBase"]
[SourceDate "2021.08.31"]
[SourceVersion "1"]
[SourceVersionDate "2021.08.31"]
[SourceQuality "1"]

1. e4 e5 2. Nf3 Nc6 3. Bc4 Bc5 4. c3 Nf6 5. d3 d6 6. O-O h6 7. Re1 O-O 8. h3 Bb6 9. Nbd2 Ne7 10. a4 c6 11. d4 Ng6 12. Bf1 Re8 ({RR} 12... Bc7 13. b4 d5 14. exd5 exd4 15. c4 a5 16. dxc6 axb4 17. Bb2 bxc6 18. Nxd4 Bb7 19. g3 Ne5 20. N2b3 Nfd7 21. c5 Nf6 22. Qc2 Nd5 23. Bg2 Re8 24. Nf5 Nc3 25. Bxc3 bxc3 26. Qxc3 Ba6 27. f4 {Khubukshanov,E (2448)-Ivanov,O (2390) Moscow RUS 2025 1-0 (68)}) 13. dxe5 $146 ({RR} 13. Qc2 Be6 14. b4 a6 15. Bb2 Qc7 16. c4 Bxd4 17. Nxd4 exd4 18. Bxd4 Nd7 19. Qb2 f6 20. Be3 Rad8 21. Rac1 c5 22. b5 axb5 23. cxb5 b6 24. f4 Ne7 25. Nb3 Ra8 26. Ra1 d5 27. Bd2 d4 {Bansal,A (2255)-Tang,D (2148) Sunnyvale USA 2023 1-0 (50)}) ({RR} 13. Qc2 Bc7 14. dxe5 Nxe5 15. Nxe5 dxe5 16. Nc4 Be6 17. Rd1 Qe7 18. b3 Red8 19. Ba3 Qe8 20. Nd6 Bxd6 21. Bxd6 Bd5 22. exd5 Rxd6 23. dxc6 Qxc6 24. Bb5 Qe4 25. Bd3 Qc6 26. Bc4 Rad8 27. Rxd6 Qxd6 {Esipenko,A (2677)-Afanasiev,N (2533) Sochi RUS 2024 ½-½ (43)}) 13... Nxe5 14. Nxe5 dxe5 15. Qc2 Be6 16. Nc4 Bxc4 17. Bxc4 a5 18. Qe2 Qe7 19. Bd2 Rad8 20. Red1 Rd7 21. Be1 Rxd1 22. Rxd1 Rd8 23. Rb1 g6 24. Kh2 Kg7 25. Bb3 h5 26. Rd1 Rxd1 27. Bxd1 h4 28. Qd3 Qe6 29. b3 Qe7 30. Kg1 Nd7 31. Be2 Nc5 32. Qc2 Qf6 33. Bf3 Qd8 34. Be2 Qf6 35. Bf3 Qd8 36. Be2 1/2-1/2

[Event "FIDE World Cup"]
[Site "Krasnaya Polyana"]
[Date "2021.07.27"]
[Round "5.4"]
[White "Esipenko, Andrey"]
[Black "Carlsen, Magnus"]
[Result "1/2-1/2"]
[WhiteElo "2716"]
[BlackElo "2847"]
[PlyCount "170"]
[EventDate "2021.07.12"]
[EventType "k.o."]
[EventRounds "8"]
[EventCountry "RUS"]
[SourceTitle "CBM 203"]
[Source "ChessBase"]
[SourceDate "2021.08.31"]
[SourceVersion "1"]
[SourceVersionDate "2021.08.31"]
[SourceQuality "1"]

1. e4 e5 2. Nf3 Nc6 3. Bc4 Bc5 4. c3 Nf6 5. d3 d6 6. h3 Bb6 7. Nbd2 Ne7 8. O-O O-O 9. Re1 c6 ({RR} 9... Ng6 10. Nf1 Nh5 11. Be3 Nhf4 12. Ng3 c6 13. d4 Qf6 14. Nh5 Qd8 15. Bxf4 exf4 16. Bb3 c5 17. Qd2 cxd4 18. Nxf4 dxc3 19. bxc3 Nxf4 20. Qxf4 Be6 21. Red1 Bc5 22. Nd4 Qe7 23. Rab1 Rac8 24. Rd3 {Vivaan Sardana (2008)-Priansh,D (2339) Guntur IND 2025 1-0 (48)}) 10. Bb3 Ng6 11. Nf1 d5 $146 ({RR} 11... h6 12. Ng3 d5 13. Be3 c5 14. Bc2 Re8 15. Qe2 Be6 16. Ba4 Re7 17. Nf5 Rc7 18. Rad1 Qf8 19. Bc2 c4 20. Nd2 cxd3 21. Bxd3 Rd7 22. Bxb6 Nf4 23. Qf3 Nxd3 24. Qxd3 axb6 25. Qg3 Kh7 26. Qxe5 {Knoppert,E (2400)-Mikhalevski,V (2495) Amsterdam 1995 1-0 (34)}) 12. Ng3 dxe4 13. dxe4 Qxd1 14. Rxd1 h6 15. Re1 Rd8 16. Be3 Bxe3 17. Rxe3 a5 18. a4 Kf8 19. Ree1 b6 20. Rad1 Ba6 21. Bc2 Bc4 22. Nf5 Be6 23. g3 Ne8 24. h4 f6 25. Rxd8 Rxd8 26. Ne3 Ne7 27. b4 Nd6 28. bxa5 bxa5 29. Rb1 Nc4 30. Nxc4 Bxc4 31. Rb7 g5 32. hxg5 hxg5 33. Rb1 Nc8 34. Rd1 Rxd1+ 35. Bxd1 Bd3 36. Nd2 Nd6 37. f3 g4 38. Nb3 Nb7 39. Nd2 gxf3 40. Kf2 Nc5 41. Kxf3 Ke7 42. Ke3 Kd6 43. Bb3 Kc7 44. Bd1 Ba6 45. Bc2 Bc8 46. Bd1 Be6 47. Bc2 Kd6 48. Ke2 Ke7 49. Kf3 Kf7 50. g4 Kg6 51. Kg3 Nb7 52. Nf3 Bc4 53. g5 Be2 54. Ng1 Bh5 55. gxf6 Kxf6 56. Nh3 Nc5 57. Nf2 Be2 58. Ng4+ Bxg4 59. Kxg4 Kg6 60. Kh4 Ne6 61. Kg4 Nf4 62. Bd1 Kf6 63. Kh4 Ng2+ 64. Kh5 Ne1 65. Be2 Ng2 66. Bd1 Nf4+ 67. Kh6 Nd3 68. Kh5 Nc1 69. Kh6 Na2 70. c4 Nc3 71. Bc2 Ne2 72. Kh5 Ng3+ 73. Kh4 Nf1 74. Kh5 Nd2 75. Bd3 Nb3 76. Bc2 Nc5 77. Kh6 Nd7 78. Kh5 Nc5 79. Kh6 Ne6 80. Kh5 Kg7 81. Bd1 Kf7 82. Bc2 Kf6 83. Bd1 Nf4+ 84. Kh6 Ne6 85. Kh5 Ng7+ 1/2-1/2